| 000 | 00000nas 2200000za 4500 |
| 001 | 9.815431 |
| 003 | CaOODSP |
| 005 | 20230131161135 |
| 007 | cr ||||||||||| |
| 008 | 150406d19351993onc x m o||||f0 |0eng|d |
| 040 | |aCaOODSP|beng |
| 041 | 0 |aeng|bfre |
| 043 | |an-cn--- |
| 086 | 1 |aM44-1E-PDF |
| 245 | 00|aPaper - Geological Survey of Canada |h[electronic resource]. |
| 246 | 13|aGeological Survey paper |
| 260 | |aOttawa : |bGeological Survey of Canada,|c1935-[1993?] |
| 362 | 0 |av. 35/1- |
| 500 | |aSome issues have title: Geological Survey paper. |
| 500 | |aSome issues have parallel title: Étude. |
| 546 | |aSome issues have text in English and in French. |
| 710 | 2 |aGeological Survey of Canada. |
| 775 | 08|tCommission géologique du Canada. Étude |w(CaOODSP)9.815434 |
| 776 | 0#|tPaper |w(CaOODSP)9.509500 |